• 首页
  • 本馆介绍
  • 公告通知
  • 最新文献
  • 馆藏检索
  • 电子资源
  • 读者导购
  • 参考咨询
  • 我的图书馆
  • 登录
  • 详细信息显示
  • 放入我的书架
  • 预约/预借图书
  • 作者相关作品
  • 分类相关作品
  • 丛书相关作品
  • 出版社相关作品

书目信息

  • 表格格式
  • 工作单格式
  • 卡片格式
题名:
中国生产力的合理布局
    
 
作者: 田方 , 林发棠 主编
分册:  
出版信息: 北京   中国财政经济出版社  1986
页数: 265页
开本: 19cm
丛书名:
单 册:
中图分类: F124 , F014.1
科图分类:
主题词: 生产布局--中国 , 政治经济学--概论
电子资源:
ISBN:
000 00753nam0 2200277 45
001 0186017981
005 20040423091710.4
010    @dCNY1.75
091    @a4166.699
100    @a19900724d1986 kemy0chiy0121 ea
101 0  @achi
102    @aCN@b110000
105    @ay z 000yy
106    @ar
200 10 @a中国生产力的合理布局@Azhong guo sheng chan li de he li bu ju@f田方, 林发棠主编
210    @a北京@c中国财政经济出版社@d1986
215    @a265页@d19cm
606    @a生产布局@y中国
606 0  @a政治经济学@x概论
690    @aF124@v3
690    @aF014.1
701  0 @a田方@Atian fang@4主编
701  0 @a林发棠@Alin fa tang@4主编
801  0 @aCN@b深圳图书馆@c20040423
801  2 @aCN@bNLC@c20040423
905    @f2@b163763-764@dF014.1@e96
    
    中国生产力的合理布局/田方, 林发棠主编.-北京:中国财政经济出版社,1986
    265页;19cm
    
    
    ISBN :CNY1.75
    
●
相关链接 在E读中查询图书 在五车中查询图书 在当当中查询图书 在豆瓣中查询图书


正题名:中国生产力的合理布局     索取号:F014.1/96         预约/预借

序号 登录号 条形码 馆藏地/架位号 状态 备注
1 0163763   000709816   密集书库/ [索取号:F014.1/96] 在馆    
2 0163764   000709889   第一借阅区/ [索取号:F014.1/96] 在馆    
3 0163765   002060833   第一样本阅览室/ [索取号:F014.1/96] 在馆    
唐山师范学院图书馆 欢迎您!
大连网信软件有限公司© 版权所有